000 00753cab a2200277 4500
001 X94
008 090401t1992 xxu||||| |||| 00| 0 eng d
035 _a(Sirsi) u45122
041 _aeng
100 _aGreenberg, M.
245 _aTOADS go to New Jersey : implications for land use and public health in mid-sized and large US cities
260 _c1992
350 _a0
490 _aUrban Studies
_v29(1) February 1992, 117-125(9)
650 _aLand use
_96251
650 _aNEW JERSEY
650 _aTEMPORARILY OBSOLETE ADANDONED DERELICT SITES
650 _aTOADS
650 _aUSA
690 _aOVERSEAS-NORTH AMERICA
700 _aPopper, F.
700 _aWest, B.
700 _aSchneider, D.
942 _n0
948 _c04/03/1997
999 _c28685
_d28685